Escritura cursiva, tipo Palmer. Escribir cursiva, cuarto grado
Guardat en:
| Autor principal: | |
|---|---|
| Format: | Llibre |
| Idioma: | espanyol |
| Publicat: |
Ciudad de México
Limusa
1987
Ciudad de México Grupo Noriega 1987 |
| Col·lecció: | Qué Fácil!. Educación Primaria
|
| Matèries: | |
| Etiquetes: |
Afegir etiqueta
Sense etiquetes, Sigues el primer a etiquetar aquest registre!
|
MARC
| LEADER | 00000nam a2200000 a 4500 | ||
|---|---|---|---|
| 001 | UCL0897 | ||
| 003 | CL-VaPUC | ||
| 008 | 030825e19870000mx |||||||||||||||||spa|d | ||
| 020 | |a 9681826043 | ||
| 082 | 0 | 4 | |a 372.634 |b AVI |2 21 |
| 100 | 0 | |a Avilés Quezada, Prisca |e author |9 477639 | |
| 245 | 1 | 0 | |a Escritura cursiva, tipo Palmer. Escribir cursiva, cuarto grado |
| 300 | |a 98 p | ||
| 942 | |c BK | ||
| 945 | |d 20030825 00:00:00 |a cmena | ||
| 260 | |a Ciudad de México |b Limusa |c 1987 | ||
| 260 | |a Ciudad de México |b Grupo Noriega |c 1987 | ||
| 650 | 0 | |a Enseñanza de la escritura |9 307377 | |
| 650 | 0 | |a Métodos de enseñanza |9 270413 | |
| 650 | 0 | |a Educación básica |9 224933 | |
| 583 | |a last modification |c 20171121 10:57:03 |k Rodrigo Vera | ||
| 490 | 0 | |a Qué Fácil!. Educación Primaria | |
| 999 | |c 304622 |d 304620 | ||
| 952 | |0 0 |1 0 |4 0 |6 372_634000000000000_AVI_1987_1987 |7 0 |8 A |9 367137 |a BIBEDU |b BIBEDU |d 2019-11-21 |i 3932885 |o 372.634 AVI 1987 1987 |p 3932885 |r 2019-11-21 |w 2019-11-21 |y BK |k EPE | ||